000
00199nam a2200085Ia 4500
008
120527s9999 xx 000 0 und d
100
_a
SEYE, Ogunyemi
245
_a
A better Africa to come
942
_c
BK
999
_c
25331
_d
25331